| 000 | 00593nam a2200217Ia 4500 | ||
|---|---|---|---|
| 005 | 20250117103441.0 | ||
| 008 | 008 250103s9999 xx 000 0 eng d | ||
| 020 | _a9789811252105 | ||
| 037 | _aTextbook | ||
| 040 |
_aCSL _beng _cCSL |
||
| 041 |
_aeng _2eng |
||
| 084 |
_aB25 R2 _qCSL |
||
| 100 |
_aMortad, Mohammed _9731114 |
||
| 245 | 0 |
_aBasic abstract algebra: Exercise and solutions _cMortad, Mohammed |
|
| 260 | _c2022 | ||
| 300 | _aviii,201p. ill. | ||
| 650 | _aAbstract algebra | ||
| 650 | _aMathematics | ||
| 942 |
_cTB _hB25 R2 |
||
| 999 |
_c1237423 _d1237423 |
||